| 000 | 00700nam a2200193 i 4500 | ||
|---|---|---|---|
| 001 | 134098 | ||
| 003 | ES-MaACL | ||
| 005 | 20230906194611.0 | ||
| 007 | t| | ||
| 008 | 070905s1972 sp ||||1| spa d | ||
| 100 | 1 |
_aWunderlich, Christof. _9117448 |
|
| 245 | 1 | 3 |
_aEl niño mongólico _b: posibilidades diagnósticas y asistenciales / _cpor Chr. Wunderlich ; prólogo U. Költgen ; [versión de J. Ballester Soleda]. |
| 260 |
_aBarcelona : _bEd. Científico-Médica, _c1972. |
||
| 300 |
_aXII, 178 p. : _bil. ; _c25 cm. |
||
| 650 | 1 | 4 |
_aPersonas con síndrome de Down. _915976 |
| 700 | 1 |
_aKöltgen, U. _968534 |
|
| 700 | 1 |
_aBallester Soleda, Jorge. _925024 |
|
| 852 |
_aES-MaACL _jC-43074 _bR.82186 |
||
| 999 |
_c134098 _d134098 |
||